00504nam a2200205Ia 4500008004100000020001800041050001400059100001900073245002400092245004800116260001500164260001600179260000900195300001500204300002700219300001000246440002700256440000700283500000800290170918s9999 xx 000 0 und d a9780439314329 bC287 2001 aCarmi, Rebecca aAmazing magnetism / cRebecca Carmi ; illustrated by John Speirs. aNew York : bScholastic, c2001 a76 pages : bcolored illustration ; c19cm. aThe magic school bus ; v12 a570